000 00205 a2200097 4500
020 _a9789992476192
041 _aspa
100 _aAlonso Chamorro
245 _a34 pasos para construir tu futuro
942 _cK
999 _c26793
_d26793